000 004600000a22001810004500
003 MACL
005 20151220160220.0
008 151220b xxu||||| |||| 00| 0 eng d
040 _aMACL
_cMACL
041 _aEnglish
082 _a748.502/GEA
100 _aGear, Alan D
_921682
245 _aThe Complete Guide to Glass Painting
260 _bCollins & Brown Ltd
_c2000
_aChina
350 _a1589
650 _aGlasses
_921611
942 _cBK
_k748.502/GER
_2ddc
999 _c40327
_d40327